000 00684cab a2200217 4500
001 WB2543-14
008 090401t1989 xxu||||| |||| 00| 0 eng d
035 _a(Sirsi) u75728
041 _aeng
245 _aPublic sports facilities face competition
260 _c1989
350 _a0
490 _aDoE News Release
_v544, 25/10/89 3 pages
520 _aUnder an Order laid before Parliament, local authorities will be required to submit the management of sport s and leisure facilities to competitive tender by 1993.
650 _aCOMPETITION
650 _aPUBLIC SECTOR
650 _aSPORTS CENTRES
690 _aECONOMIC AND SOCIAL
942 _n0
948 _c04/03/1997
999 _c47632
_d47632